Top Girl Baby Names of 2013 - Statistics

General Stats
  • This quiz has been taken 786 times
  • The average score is 3 of 10
Answer Stats
Hint Answer % Correct
8 Emma
76%
1 Isabella
60%
4 Ann
43%
5 Ella
34%
10 Charlotte
29%
7 Ellie
11%
6 Betty
3%
2 Millie
3%
9 Eithne
1%
3 Sookie
1%
No matching quizzes found
Score Distribution
Percent of People with Each Score
Percentile by Number Answered
Your Score History
You have not taken this quiz